000 00984nam a2200253Ia 4500
003 GCL
008 140319s9999 xx 000 0 ara d
040 _aGCL /
_cGCL
082 0 4 _aد
_b050
_bم ع
245 1 0 _aعالم الفكر (مج30 \ع2 \ 2001 :
_bمجلة دورية محكمة تصدر اربع مرات فى السنة
250 _aالاولى
260 _aالكويت :
_bالمجلس الوطنى للثقافة والفنون والاداب ،
_c2001
650 0 4 _aالشعر العربى
650 0 4 _aالشعر المغربى
650 0 4 _aالحداثة
650 0 4 _aالادب العربى - الجزائر
650 0 4 _aالادب العربى - تاريخ ونقد
650 0 4 _aالادب الجزائرى
650 0 4 _aالشعر العربى - المغرب
650 0 4 _aالادب العربى - نقد - تاريخ ونقد
650 0 4 _aالشعر السردى
650 0 4 _aالشعر العربى - السعودية
942 _2ddc
_cCR
999 _c7666
_d7666